000 01127cam a22002891i 4500
003 SA-RiAUC
005 20250720073316.0
008 250716s2015 su a f 00010 ara c
040 _aSA-JeALM
_bara
_cSA-RiAUC
_erda
043 _aa-su---
050 4 _b.H55 2015
082 0 4 _a346.5310437
_qSA-RiAUC
090 _a346.5310437
_b هـ ل ا
100 1 _aهلال، أشرف أحمد
_eمؤلف.
245 1 0 _aصيغ العقود العقارية
_b /
_cأشرف أحمد هلال.
250 _aالطبعة الثانية.
264 1 _aجدة، السعودية :
_bمكتبة ديوان المحامين،
_c2015
300 _a416 صفحة :
_bإيضاحيات ؛
_c24 سم
336 _aنص
_btxt
_2rdacontent
_3كتاب
337 _aبدون وسيط
_bn
_2rdamedia
338 _aمجلد
_bnc
_2rdacarrier
650 7 _aالعقارات
_xقوانين وتشريعات
_zالسعودية
_2aucsh
650 7 _aالعقود
_xقوانين وتشريعات
_zالسعودية
_2aucsh
653 _aالعلوم الاجتماعية.
942 _2ddc
_cBOOK
_n0
949 _aSA-JeALM
_d250716
_umohamedma123
_n1
999 _c10146
_d10146